00417nam a2200157Ia 4500008004100000020001800041082001700059100002400076245001300100250000700113260003300120300002600153500002100179600003300200650002600233240925s9999 xx 000 0 und d a9789693512212 a954.9143 REH aRehman, Shafiq -ur- 0aShagufay aNA aLahore:bSang-e-Meelc,2013. avi, 81p.b0fOriginal aIncludes Content aHumanities & Natural Science aHistory and Geography